000 00370nam a22001457a 4500
005 20250919102033.0
008 250919b |||||||| |||| 00| 0 eng d
020 _a9780435905385
050 _aPR9387
_b.9.A3 ACH
100 _aACHEBE CHINUA
245 _aANTHILLS OF THE SAVANNAH
260 _aUSA
_bHEINEMANN PUBLISHERS LTD
_c1987
300 _a233p
942 _2lcc
_cBK
_n0
999 _c7604
_d7604